| 000 | 00371pab a2200169 454500 | ||
|---|---|---|---|
| 008 | 180718b2001 xxu||||| |||| 00| 0 eng d | ||
| 100 | _aNayar, Kuldip | ||
| 245 | _aPolice atrocities | ||
| 260 | _c2001 | ||
| 300 | _ap.10 | ||
| 362 | _a22 May | ||
| 650 | _aHuman rights - India | ||
| 650 | _aPolice - India | ||
| 650 | _aPolice | ||
| 773 | _aHindu | ||
| 909 | _a49506 | ||
| 999 |
_c49506 _d49506 |
||